[Event "Prague op 22nd"]
[Site "Prague"]
[Date "2024.01.10"]
[Round "7"]
[White "Neuman, Petr"]
[Black "Eropunov, Gleb"]
[Result "1/2-1/2"]
[WhiteElo "2398"]
[BlackElo "2052"]
[PlyCount "64"]
[EventDate "2024.01.05"]
[EventType "swiss"]
[EventRounds "9"]
[EventCountry "CZE"]
[SourceTitle "CB03_2024"]
[SourceDate "2024.01.17"]
[SourceVersion "1"]
[SourceVersionDate "2024.01.17"]
[SourceQuality "1"]

1. e4 c5 2. Nf3 e6 3. d4 cxd4 4. Nxd4 a6 5. Bd3 Bc5 6. Nb3 Ba7 7. 0-0 Nc6 8. Qe2 d6 9. Be3 Bxe3 10. Qxe3 Nge7 11. f4 0-0 12. N1d2 Nb4 13. Nf3 b5 14. Rfc1 Nxd3 15. cxd3 Bd7 16. Qd4 Qb8 17. Na5 Ra7 18. Rc3 Rc8 19. Rac1 Rac7 20. b4 Ng6 21. Rxc7 Rxc7 22. Qe3 Qc8 23. Rxc7 Qxc7 24. Qd2 f6 25. d4 Ne7 26. a3 Bc8 27. Kf2 Bb7 28. Qa2 Bc8 29. Qb2 Bb7 30. Qb3 Bc8 31. Qb2 Bb7 32. Qb3 Bc8 1/2-1/2

[Event "UKR-ch 91st"]
[Site "Poltava"]
[Date "2023.12.17"]
[Round "9"]
[White "Lyakh, Vasiliy"]
[Black "Eropunov, Gleb"]
[Result "1-0"]
[WhiteElo "1968"]
[BlackElo "1961"]
[PlyCount "81"]
[EventDate "2023.12.09"]
[EventType "swiss"]
[EventRounds "9"]
[EventCountry "UKR"]
[SourceTitle "CB51_2023"]
[SourceDate "2023.12.20"]
[SourceVersion "1"]
[SourceVersionDate "2023.12.20"]
[SourceQuality "1"]

1. d4 Nf6 2. Nf3 d5 3. c4 e6 4. g3 Be7 5. Bg2 0-0 6. 0-0 Nbd7 7. Qc2 a5 8. Rd1 h6 9. b3 c6 10. Nbd2 b6 11. e4 Bb7 12. e5 Ne8 13. cxd5 cxd5 14. Nf1 Ba6 15. Qd2 Bb4 16. Qe3 Rc8 17. Bd2 Qe7 18. g4 f6 19. Bxb4 axb4 20. Rac1 Nc7 21. Ng3 Nb5 22. Bf1 Rc3 23. Bd3 fxe5 24. Nxe5 Nxe5 25. Qxe5 Qf7 26. Qe3 Rfc8 27. Ne2 Rxc1 28. Rxc1 Rxc1+ 29. Nxc1 Qf6 30. Ne2 Nc7 31. Bxa6 Nxa6 32. Qc1 Qd8 33. Qc6 Kh7 34. Nf4 Nc7 35. Qxb6 Qe7 36. Nd3 Ne8 37. Qxb4 Qc7 38. Qc5 Qb7 39. Ne5 Kg8 40. Qc6 Qe7 41. Qd7 1-0

[Event "UKR-ch 91st"]
[Site "Poltava"]
[Date "2023.12.16"]
[Round "8"]
[White "Eropunov, Gleb"]
[Black "Mukha, Nikolay"]
[Result "1/2-1/2"]
[WhiteElo "1961"]
[BlackElo "2122"]
[PlyCount "98"]
[EventDate "2023.12.09"]
[EventType "swiss"]
[EventRounds "9"]
[EventCountry "UKR"]
[SourceTitle "CB51_2023"]
[SourceDate "2023.12.20"]
[SourceVersion "1"]
[SourceVersionDate "2023.12.20"]
[SourceQuality "1"]

1. d4 Nf6 2. c4 g6 3. Nc3 Bg7 4. e4 d6 5. Be3 0-0 6. Be2 e5 7. d5 c6 8. f3 cxd5 9. Nxd5 Nxd5 10. Qxd5 Nc6 11. Qd2 Be6 12. Rd1 Nd4 13. Bxd4 exd4 14. Bd3 Rc8 15. b3 Qh4+ 16. Qf2 Qh5 17. Kf1 f5 18. Ne2 fxe4 19. Bxe4 d5 20. Ng3 Qe5 21. cxd5 Bxd5 22. Qe2 Bxe4 23. Nxe4 Bh6 24. Qd3 Rc6 25. Nf2 Be3 26. Ng4 Qf4 27. Nxe3 dxe3 28. Ke2 Re8 29. Qd5+ Kf8 30. Rc1 Qf6 31. Rxc6 Qb2+ 32. Kd3 bxc6 33. Qd4 Qxg2 34. Qh8+ Kf7 35. Qxh7+ Ke6 36. Rd1 e2 37. Re1 Qxf3+ 38. Kc2 Qe4+ 39. Kc3 a5 40. Qh3+ Kf6 41. Qg3 Qb4+ 42. Kc2 Qe4+ 43. Kc3 Re5 44. Qf2+ Kg7 45. Qd4 Qf3+ 46. Kd2 Qf6 47. Qc3 Kf8 48. Kc2 Qd6 49. Qf3+ Kg8 1/2-1/2

[Event "UKR-ch 91st"]
[Site "Poltava"]
[Date "2023.12.11"]
[Round "3"]
[White "Goroshchenko, Dmitry"]
[Black "Eropunov, Gleb"]
[Result "1/2-1/2"]
[WhiteElo "2193"]
[BlackElo "1961"]
[PlyCount "90"]
[EventDate "2023.12.09"]
[EventType "swiss"]
[EventRounds "9"]
[EventCountry "UKR"]
[SourceTitle "CB51_2023"]
[SourceDate "2023.12.20"]
[SourceVersion "1"]
[SourceVersionDate "2023.12.20"]
[SourceQuality "1"]

1. c4 e6 2. e4 c5 3. Nc3 Nc6 4. Nf3 Nd4 5. Bd3 Ne7 6. 0-0 Nec6 7. b3 g6 8. Nxd4 Nxd4 9. f4 Bg7 10. Bb2 0-0 11. Kh1 Re8 12. Rf2 f5 13. Qf1 b6 14. Re1 Bb7 15. Ba1 Qc7 16. Re3 fxe4 17. Nxe4 Rf8 18. Ng5 h6 19. Ne4 Nf5 20. Rh3 Bxe4 21. Bxe4 Rad8 22. g4 Ne7 23. Bxg7 Kxg7 24. Qa1+ e5 25. Rhf3 d6 26. fxe5 dxe5 27. Qf1 Rxf3 28. Rxf3 Qd6 29. Rf7+ Kg8 30. d3 Qe6 31. Rf6 Qxg4 32. h3 Qg5 33. Rf2 Kg7 34. Rf7+ Kg8 35. Rf2 Qg3 36. Rf3 Qh4 37. Kh2 Kg7 38. Rf7+ Kg8 39. Rf3 Qg5 40. Qf2 h5 41. h4 Qh6 42. Qg3 Qg7 43. Qh3 Rd6 44. Qf1 Rd4 45. Qh3 Rd6 1/2-1/2

[Event "Malakhatko Memorial op"]
[Site "Chess.com INT"]
[Date "2023.06.14"]
[Round "6"]
[White "Eropunov, Gleb"]
[Black "Padalka, Artem"]
[Result "1-0"]
[WhiteElo "1899"]
[BlackElo "2158"]
[PlyCount "67"]
[EventDate "2023.06.14"]
[EventType "swiss (blitz)"]
[EventRounds "11"]
[EventCountry "USA"]
[SourceTitle "CBM 214 Extra"]
[Source "ChessBase"]
[SourceDate "2023.07.31"]
[SourceVersion "1"]
[SourceVersionDate "2023.07.31"]
[SourceQuality "1"]

1. e4 c5 2. Nf3 d6 3. d4 cxd4 4. Qxd4 Nf6 5. Qd3 Nc6 6. Nc3 g6 7. Bg5 Bg7 8. Be2 0-0 9. 0-0 Bg4 10. Nd5 Nxd5 11. exd5 Bxf3 12. Qxf3 Ne5 13. Qb3 h6 14. Be3 b6 15. c3 Qc7 16. Rfe1 Rac8 17. Ba6 Rb8 18. Bf1 b5 19. Bd4 a5 20. Bxb5 g5 21. a4 f5 22. Qd1 f4 23. Bxe5 Bxe5 24. Qd3 Kg7 25. Qe4 f3 26. Bd3 Rf6 27. Qh7+ Kf8 28. Bg6 Rxg6 29. Qxg6 Bg7 30. Re3 fxg2 31. Rf3+ Bf6 32. Re1 Rxb2 33. Rxf6+ exf6 34. Re8# 1-0

[Event "Kiev Spring op"]
[Site "Kiev"]
[Date "2023.03.31"]
[Round "9"]
[White "Eropunov, Gleb"]
[Black "Tretyak, Kyryl"]
[Result "1/2-1/2"]
[WhiteElo "1934"]
[BlackElo "1487"]
[PlyCount "126"]
[EventDate "2023.03.25"]
[EventType "swiss"]
[EventRounds "9"]
[EventCountry "UKR"]
[SourceTitle "EXT 2024"]
[Source "ChessBase"]
[SourceDate "2023.10.10"]
[SourceVersion "1"]
[SourceVersionDate "2023.10.10"]
[SourceQuality "1"]

1. e4 e6 2. Nf3 d5 3. e5 c5 4. b4 d4 5. bxc5 Bxc5 6. Ba3 Bxa3 7. Nxa3 Ne7 8. Nb5 0-0 9. Nbxd4 Ng6 10. Nb3 Qc7 11. d4 Rd8 12. Bd3 Nc6 13. Qd2 a5 14. c3 a4 15. Nc1 b6 16. Ne2 Bb7 17. Qc2 Qd7 18. 0-0 Rac8 19. Rab1 Nce7 20. Rxb6 Bxf3 21. gxf3 Nxe5 22. Bxh7+ Kh8 23. dxe5 g6 24. Rd6 Qb7 25. Qe4 Qxe4 26. fxe4 Kxh7 27. Rfd1 Nc6 28. Rxd8 Nxd8 29. Rd4 Ra8 30. Rc4 Kg7 31. Nd4 Ra5 32. Rc8 Nb7 33. Nxe6+ fxe6 34. Rc7+ Kh6 35. Rxb7 Rxe5 36. Rb4 Rc5 37. Rxa4 Rxc3 38. Ra6 Kg7 39. Rxe6 Ra3 40. Kg2 Rxa2 41. Kg3 Kf7 42. Rb6 Ra3+ 43. f3 Rc3 44. h4 Rc1 45. Rb7+ Kf6 46. Kf4 Rh1 47. Rh7 Re1 48. e5+ Rxe5 49. Rf7+ Kxf7 50. Kxe5 Ke7 51. Kf4 Kf6 52. Kg4 Kf7 53. Kf4 Kf6 54. Ke4 Ke6 55. Kf4 Kf6 56. Kg4 Kf7 57. Kg5 Kg7 58. Kg4 Kf7 59. Kg5 Kg7 60. f4 Kf7 61. Kh6 Kf6 62. Kh7 Kf7 63. Kh8 Kf8 1/2-1/2

[Event "Kiev Spring op"]
[Site "Kiev"]
[Date "2023.03.27"]
[Round "4"]
[White "Kaliuzhny, Andrey"]
[Black "Eropunov, Gleb"]
[Result "1-0"]
[WhiteElo "2195"]
[BlackElo "1934"]
[PlyCount "91"]
[EventDate "2023.03.25"]
[EventType "swiss"]
[EventRounds "9"]
[EventCountry "UKR"]
[SourceTitle "EXT 2024"]
[Source "ChessBase"]
[SourceDate "2023.10.10"]
[SourceVersion "1"]
[SourceVersionDate "2023.10.10"]
[SourceQuality "1"]

1. d4 Nf6 2. c4 e6 3. Nf3 d5 4. e3 b6 5. cxd5 exd5 6. Be2 Bd6 7. 0-0 Qe7 8. Nc3 c6 9. Qc2 0-0 10. Nd2 Re8 11. Bd3 Nbd7 12. e4 dxe4 13. Ncxe4 Bb7 14. Ng3 Bxg3 15. hxg3 c5 16. dxc5 Nxc5 17. Bb5 Red8 18. Nf3 a6 19. Bc4 b5 20. Re1 Be4 21. b4 Na4 22. Qb3 Qc7 23. Bf1 Bd5 24. Bf4 Qb7 25. Qa3 Rac8 26. Rac1 h6 27. Ne5 Ne4 28. Nd3 Bc4 29. Be3 Bxd3 30. Rxc8 Qxc8 31. Bxd3 Nec3 32. Bf1 Qe6 33. Ra1 Nd5 34. Re1 Rc8 35. Bd2 Qg4 36. Be2 Qd4 37. Qd3 Qxd3 38. Bxd3 g6 39. Be4 Ndc3 40. Bb7 Rc4 41. a3 Rd4 42. Bxh6 Rd6 43. Bf4 Rb6 44. Bf3 Nb2 45. Re8+ Kh7 46. Be5 1-0

[Event "Wch U14"]
[Site "Mamaia"]
[Date "2022.09.06"]
[Round "1"]
[White "Akhilbay, Imangali"]
[Black "Eropunov, Gleb"]
[Result "0-1"]
[WhiteElo "2213"]
[BlackElo "1803"]
[PlyCount "44"]
[EventDate "2022.09.06"]
[EventType "swiss"]
[EventRounds "11"]
[EventCountry "ROU"]
[SourceTitle "CBM 210 Extra"]
[Source "ChessBase"]
[SourceDate "2022.11.30"]
[SourceVersion "1"]
[SourceVersionDate "2022.11.30"]
[SourceQuality "1"]

1. d4 d5 2. Bf4 Nf6 3. Nc3 e6 4. Nb5 Na6 5. e3 Be7 6. Nf3 0-0 7. h4 c6 8. Nc3 Qa5 9. Bd3 Ba3 10. Qc1 c5 11. bxa3 Qxc3+ 12. Kf1 c4 13. Be2 Ne4 14. h5 f6 15. Rg1 Bd7 16. g4 Rae8 17. Rg2 b5 18. g5 e5 19. gxf6 Bh3 20. fxg7 Rf7 21. Bxe5 Rxe5 22. Nxe5 Rxf2+ 0-1

[Event "Kiev Spring op"]
[Site "Kiev"]
[Date "2021.07.15"]
[Round "7"]
[White "Eropunov, Gleb"]
[Black "Voloshchuk, Svyatoslav"]
[Result "1-0"]
[WhiteElo "1856"]
[BlackElo "1510"]
[PlyCount "137"]
[EventDate "2021.07.10"]
[EventType "swiss"]
[EventRounds "9"]
[EventCountry "UKR"]
[SourceTitle "EXT 2024"]
[Source "ChessBase"]
[SourceDate "2023.10.10"]
[SourceVersion "1"]
[SourceVersionDate "2023.10.10"]
[SourceQuality "1"]

1. e4 c5 2. Nf3 e6 3. d4 cxd4 4. Nxd4 Nf6 5. Nc3 Nc6 6. Ndb5 Bb4 7. a3 Bxc3+ 8. Nxc3 d5 9. exd5 exd5 10. Bg5 0-0 11. Be2 Bf5 12. 0-0 d4 13. Nb1 h6 14. Bh4 Rc8 15. Bd3 Bxd3 16. cxd3 Re8 17. Nd2 Ne5 18. Nf3 Qb6 19. h3 Nfd7 20. Nxe5 Nxe5 21. b4 Qa6 22. Qb3 Qxd3 23. Qd5 Ng6 24. Bg3 Qe4 25. Qb5 a6 26. Qa4 Nf8 27. Kh2 Ne6 28. f4 b5 29. Qd1 Rc2 30. Qf3 Qxf3 31. Rxf3 Rc3 32. Rd1 Rec8 33. f5 Rxf3 34. gxf3 Ng5 35. Bf2 Nxf3+ 36. Kg2 Rc3 37. Ra1 d3 38. Kxf3 d2+ 39. Be3 Rxa3 40. Rd1 Rb3 41. Rxd2 Rxb4 42. Ra2 Rh4 43. Kg3 Re4 44. Bf4 Re1 45. Rxa6 b4 46. Rb6 Rb1 47. f6 Rb3+ 48. Kg4 g5 49. Bd6 Kh7 50. h4 gxh4 51. Kxh4 Rd3 52. Bxb4 Kg6 53. Be7 Re3 54. Rb8 Re4+ 55. Kg3 Kf5 56. Rf8 Kg6 57. Rg8+ Kf5 58. Rg7 Ke6 59. Rh7 Re3+ 60. Kg4 Re4+ 61. Kh5 Re1 62. Kxh6 Rg1 63. Rh8 Rg6+ 64. Kh7 Rg1 65. Rg8 Rh1+ 66. Kg7 Rg1+ 67. Kf8 Ra1 68. Rg2 Re1 69. Ra2 1-0

[Event "Kiev Spring op"]
[Site "Kiev"]
[Date "2021.07.14"]
[Round "6"]
[White "Lysoivan, Anton"]
[Black "Eropunov, Gleb"]
[Result "1-0"]
[WhiteElo "2031"]
[BlackElo "1856"]
[PlyCount "137"]
[EventDate "2021.07.10"]
[EventType "swiss"]
[EventRounds "9"]
[EventCountry "UKR"]
[SourceTitle "EXT 2024"]
[Source "ChessBase"]
[SourceDate "2023.10.10"]
[SourceVersion "1"]
[SourceVersionDate "2023.10.10"]
[SourceQuality "1"]

1. e4 e6 2. d4 d5 3. Nd2 dxe4 4. Nxe4 Nd7 5. Nf3 Ngf6 6. Bd3 Be7 7. 0-0 0-0 8. Qe2 b6 9. c3 Bb7 10. h3 c5 11. Nxf6+ Nxf6 12. dxc5 Bxc5 13. Bg5 Be7 14. Rad1 Qc7 15. Rd2 h6 16. Bh4 Nh5 17. Bxe7 Qxe7 18. Qe3 Qf6 19. Be4 Bxe4 20. Qxe4 Rad8 21. Rfd1 Rxd2 22. Rxd2 Rd8 23. Rxd8+ Qxd8 24. Nd4 Qg5 25. Kh2 Qd2 26. Qe2 Qc1 27. g3 Nf6 28. Kg2 Qg5 29. c4 Qc5 30. Qd3 Qd6 31. Qe3 Qc5 32. b3 Qa3 33. Qe2 Qc5 34. Nc2 Qa5 35. Ne1 Qc5 36. Nd3 Qd4 37. Ne5 Kf8 38. Nc6 Qd7 39. Qf3 Qb7 40. b4 b5 41. cxb5 Qxb5 42. Nxa7 Qxb4 43. Qa8+ Ne8 44. Nc8 Qc5 45. Qb7 Qd5+ 46. Qxd5 exd5 47. Kf3 Nc7 48. Ke3 Ke8 49. Nd6+ Ke7 50. Nf5+ Kf6 51. Nd4 g5 52. a4 Ke5 53. a5 h5 54. Nf3+ Kf5 55. Kd4 f6 56. Ne1 Ke6 57. Kc5 Na6+ 58. Kb5 Nb8 59. Nd3 Kf5 60. Nc5 d4 61. Kc4 Ke5 62. f3 h4 63. Nd3+ Ke6 64. g4 f5 65. Kc5 fxg4 66. fxg4 Na6+ 67. Kxd4 Kd6 68. Kc4 Ke6 69. Nc5+ 1-0

[Event "Kiev Spring op"]
[Site "Kiev"]
[Date "2021.07.12"]
[Round "4"]
[White "Domalchuk Jonasson, Aleksandr"]
[Black "Eropunov, Gleb"]
[Result "1-0"]
[WhiteElo "2058"]
[BlackElo "1856"]
[PlyCount "83"]
[EventDate "2021.07.10"]
[EventType "swiss"]
[EventRounds "9"]
[EventCountry "UKR"]
[SourceTitle "EXT 2024"]
[Source "ChessBase"]
[SourceDate "2023.10.10"]
[SourceVersion "1"]
[SourceVersionDate "2023.10.10"]
[SourceQuality "1"]

1. d4 d5 2. c4 e6 3. Nc3 c6 4. Nf3 dxc4 5. a4 Bb4 6. e3 b5 7. axb5 cxb5 8. Bd2 Bxc3 9. Bxc3 a5 10. b3 Bb7 11. bxc4 b4 12. Bd2 Nf6 13. Bd3 0-0 14. 0-0 Nbd7 15. Qc2 Qc7 16. Rfc1 e5 17. Ng5 h6 18. Nh7 Nxh7 19. Bxh7+ Kh8 20. Bf5 e4 21. Rab1 Rfe8 22. g3 g6 23. Bh3 Kh7 24. Qa2 Nb6 25. Bf1 Qd7 26. Qb3 Rec8 27. Bxb4 Nxc4 28. Bc5 Nd2 29. Qxb7 Qf5 30. Rb5 Rab8 31. Qe7 Rxb5 32. Bxb5 Nf3+ 33. Kg2 h5 34. Bd7 Nh4+ 35. gxh4 Qf3+ 36. Kg1 Rb8 37. Qe5 Rb2 38. Qf4 Rc2 39. Rxc2 Qd1+ 40. Kg2 Qxc2 41. Qxf7+ Kh8 42. Bf8 1-0

[Event "Hannibal Online op U12"]
[Site "Chess.com INT"]
[Date "2020.06.02"]
[Round "2"]
[White "Eropunov, Gleb"]
[Black "Santimbrean, Mihnea Nicolae"]
[Result "1-0"]
[WhiteElo "1899"]
[BlackElo "1336"]
[PlyCount "47"]
[EventDate "2020.06.01"]
[EventType "swiss"]
[EventRounds "9"]
[EventCountry "MDA"]
[SourceTitle "CBM 196 Extra"]
[Source "ChessBase"]
[SourceDate "2020.07.31"]
[SourceVersion "1"]
[SourceVersionDate "2020.07.31"]
[SourceQuality "1"]

1. e4 e6 2. d4 d5 3. Nc3 Nf6 4. Bg5 dxe4 5. Nxe4 Be7 6. Bxf6 Bxf6 7. Nxf6+ Qxf6 8. Bd3 Nc6 9. Nf3 Bd7 10. c3 0-0 11. 0-0 Ne7 12. Ne5 Bc6 13. Qh5 h6 14. f4 Nd5 15. Ng4 Qe7 16. Rae1 Nf6 17. Qh4 Nd5 18. Qg3 Kh8 19. Qh3 Kg8 20. Rf3 Nf6 21. Nxh6+ gxh6 22. Rg3+ Kh8 23. Qxh6+ Nh7 24. Qxh7# 1-0

[Event "Pardubice Czech op-C 30th"]
[Site "Pardubice"]
[Date "2019.07.23"]
[Round "5"]
[White "Zhdanovich, Gennady"]
[Black "Eropunov, Gleb"]
[Result "1/2-1/2"]
[WhiteElo "1987"]
[BlackElo "1811"]
[PlyCount "71"]
[EventDate "2019.07.20"]
[EventType "swiss"]
[EventRounds "9"]
[EventCountry "CZE"]
[SourceTitle "EXT 2020"]
[Source "ChessBase"]
[SourceDate "2019.10.17"]
[SourceVersion "1"]
[SourceVersionDate "2019.10.17"]
[SourceQuality "1"]

1. e4 e5 2. Nf3 d6 3. Bc4 Be7 4. d4 exd4 5. Nxd4 Nf6 6. Nc3 0-0 7. 0-0 c6 8. a4 Re8 9. Re1 Bf8 10. Bg5 Nbd7 11. Bb3 Ne5 12. Qd2 h6 13. Bh4 Ng6 14. Bg3 Nh5 15. Re3 Ne5 16. Rd1 Be7 17. Qe2 Nxg3 18. hxg3 Qc7 19. f4 Bg4 20. Nf3 Ng6 21. Qc4 Be6 22. Nd5 Qa5 23. Nxe7+ Nxe7 24. Qc3 Qxc3 25. Rxc3 d5 26. exd5 Nxd5 27. Bxd5 Bxd5 28. Kf2 Re7 29. Re1 Rae8 30. Rxe7 Rxe7 31. Ne5 f6 32. Nf3 Kf7 33. Rd3 Be4 34. Rd2 g5 35. c3 Bd5 36. Rd4 1/2-1/2